Państwa o populacji poniżej 1 miliona - nagła śmierć - Statystyki

Ogólne statystyki
  • Ten quiz został rozwiązany 19 860 razy
  • Średni wynik to 8 z 16
Answers on the Grid
Answers color-coded by a green-red scale on the quiz's grid according to % correct below.
Andora
Armenia
Barbados
Belize
Bhutan
Brunei
Kostaryka
Chorwacja
Gabon
Islandia
Jamajka
Kiribati
Laos
Libia
Liechtenstein
Litwa
Luksemburg
Namibia
Nauru
Nepal
Korea Północna
Saint Lucia
Samoa
Seszele
Singapur
Hiszpania
Surinam
Tuvalu
Urugwaj
Watykan
 
Statystyki odpowiedzi
Odpowiedź % Poprawnych
82,000 Andora
88%
283,000 Barbados
60%
1,000 Watykan
59%
10,000 Tuvalu
55%
40,000 Liechtenstein
54%
136,000 Kiribati
51%
180,000 Saint Lucia
51%
465,000 Brunei
50%
12,000 Nauru
50%
420,000 Belize
48%
219,000 Samoa
48%
132,000 Seszele
47%
396,000 Islandia
46%
676,000 Luksemburg
43%
793,000 Bhutan
40%
636,000 Surinam
23%
Nie znaleziono quizów pasujących do podanych kryteriów
Rozkład punktacji
Procent ludzi z każdym wynikiem
Percentyl według liczby udzielonych odpowiedzi
Twoja historia wyników
Nie rozwiązałeś tego quizu